Farmland price forecasts encourage optimism (Record no. 66295)
[ view plain ]
| 000 -LEADER | |
|---|---|
| fixed length control field | 00893cam a2200181 4500 |
| 001 - CONTROL NUMBER | |
| control field | WB3710-46 |
| 008 - FIXED-LENGTH DATA ELEMENTS--GENERAL INFORMATION | |
| fixed length control field | 000000n2001 000 0 eng u |
| 035 ## - SYSTEM CONTROL NUMBER | |
| System control number | (Sirsi) u111266 |
| 245 ## - TITLE STATEMENT | |
| Title | Farmland price forecasts encourage optimism |
| 260 ## - PUBLICATION, DISTRIBUTION, ETC. | |
| Date of publication, distribution, etc. | 2001 |
| 490 ## - SERIES STATEMENT | |
| Series statement | Farmers' Weekly |
| Volume/sequential designation | 134(9) 2-8 March 2001, 108(1) |
| 520 ## - SUMMARY, ETC. | |
| Summary, etc. | In its latest report, land market expert MMD predicts a 3% decrease in farmland prices in 2001. However, it goes on to forecast a recovery by the end of 2003, with prices matching 1997 levels. The full text of "MMD's Forecasts for Agricultural Land Prices (2001 to 2003) report" will be available in the spring 2001 edition of "Farmland Market". Alternatively, contact Andrew Shirley on: 020 8652 4920; email: [email protected]. Graph. |
| 590 ## - LOCAL NOTE (RLIN) | |
| Local note | WB |
| 650 ## - SUBJECT ADDED ENTRY--TOPICAL TERM | |
| Topical term or geographic name entry element | FARMLAND PRICES |
| 650 ## - SUBJECT ADDED ENTRY--TOPICAL TERM | |
| Topical term or geographic name entry element | FORECASTS |
| 690 ## - LOCAL SUBJECT ADDED ENTRY--TOPICAL TERM (OCLC, RLIN) | |
| Topical term or geographic name as entry element | RURAL-MARKET |
| 942 ## - ADDED ENTRY ELEMENTS (KOHA) | |
| Suppress in OPAC | 0 |
| Withdrawn status | Lost status | Source of classification or shelving scheme | Damaged status | Not for loan | Home library | Current library | Shelving location | Date acquired | Total Checkouts | Full call number | Barcode | Date last seen | Copy number | Price effective from | Koha item type |
|---|---|---|---|---|---|---|---|---|---|---|---|---|---|---|---|
| Dewey Decimal Classification | London | London | News article | 06/03/2001 | WB3710-46 | 111266-1001 | 06/08/2019 | 1 | 06/08/2019 | News article |